Badly Described Pokemon - Gen 1 - Statistics

General Stats
  • This quiz has been taken 54 times
  • The average score is 74 of 151
Answer Stats
Hint Answer % Correct
Crab Krabby
94%
Lazy pink bear Slowpoke
84%
Weird looking butterfly Butterfree
77%
Big zappy mouse with a big tail Raichu
77%
Big wasp with a sharp butt Beedrill
74%
A bipedal cat with a forehead coin Meowth
74%
Bigger fire horse with a flowing mane Rapidash
74%
Mammal thing with a skull on its head Cubone
71%
Big scary crab with a giant claw Kingler
71%
Three metal balls and a bunch of magnets stuck together Magneton
71%
Pink bear getting eaten by a cone Slowbro
71%
A sentient rock with two arms Geodude
68%
It's like a monkey ball with arms Mankey
68%
A scary doll that looks like a mime Mr. Mime
68%
A big fat yellow duck Psyduck
68%
Big standing rhino Rhydon
68%
A purple wrestler dude with a belt Machoke
65%
Zappy mouse Pikachu
65%
Nasty fat rat Raticate
65%
A spiny grey rhinoceros Rhyhorn
65%
A big scary squid with a beak Tentacruel
65%
Big scary fossil dinosaur dragon Aerodactyl
61%
Looks like a peashooter from Plants vs. Zombies Bellsprout
61%
Roadrunner with two heads Doduo
61%
A big four-armed angry wrestler Machamp
61%
A purple spiky rhinoceros Nidorino
61%
A snake made out of rocks Onix
61%
A big cat with an Indian-style forehead dot Persian
61%
Fire horse Ponyta
61%
Weird yellow armadillo Sandshrew
61%
A white seal dog Seel
61%
Two starfish fused together by a gemstone Starmie
61%
A little fuzzy purple ball Venonat
61%
A big threatening fuzzy tiger dog Arcanine
58%
A big oyster with a black ball living inside Cloyster
58%
Looks like a big upside down Pokeball Electrode
58%
A chill little bird holding a green onion Farfetch'd
58%
Big bat with a huge mouth Golbat
58%
Koi fish with a narwhal horn Goldeen
58%
A big rock with four arms Graveler
58%
Boxer dude with a crown head HItmonchan
58%
A giant purple pile. Reminds me of Clayface Muk
58%
A big angry monkey ball Primeape
58%
Spiky seahorse Seadra
58%
A jellyfish squid guy with two legs Tentacool
58%
Vampire bat with no eyes Zubat
58%
A little green dinosaur carrying around an onion Bulbasaur
55%
Pink ball holding an egg Chansey
55%
A literal dragon Charizard
55%
A little monkey lizard thing with a fire tail Charmander
55%
Three little brown knobs in the floor Dugtrio
55%
A bunch of sentient eggs Exeggcute
55%
A big pink flower bulb riding around on a dinosaur thing Ivysaur
55%
Big standing cat with a bone head Marowak
55%
Mushroom crab Paras
55%
Big bird with a yellow helmet Pidgeot
55%
Big ice bird Articuno
52%
Little sea snake Dratini
52%
Three living coconuts hanging off of a tree Exeggutor
52%
An almond that knows martial arts Hitmonlee
52%
Purple female creature Jynx
52%
Mean looking cocoon Kakuna
52%
Big pink creature with a giant tongue Lickitung
52%
Little floppy orange fish Magikarp
52%
Fire chicken Moltres
52%
Geometric shape bird Porygon
52%
Little purple mouse Rattata
52%
An oyster with a big tongue Shellder
52%
A big upside down gourd with leaves Victreebel
52%
A purple turtle with big stupid ears Wartortle
52%
Cobra with a funny face Arbok
48%
Chill looking dragon guy with cool eyebrows Dragonite
48%
Seahorse with a big mouth Horsea
48%
Floaty pink cat thing Mew
48%
Big angry squid in a shell Omastar
48%
Big brown beetle man with horns Pinsir
48%
Starfish wearing a chestplate Staryu
48%
A big red fire lizard with a bump on its head Charmeleon
45%
A little brown knob in the floor Diglett
45%
Bigger sea snake with a cool necklace Dragonair
45%
A floaty black ball covered in gas Gastly
45%
A purple pile of liquid Grimer
45%
Big sea dragon snake guy Gyarados
45%
A scary floating head and two scary floating hands Haunter
45%
Battle kangaroo Kangaskhan
45%
Floating purple ball that shoots out dust Koffing
45%
A metal ball with magnet hands Magnemite
45%
Green thing that looks like a rhino horn Metapod
45%
Big mushroom crab that looks like an old man Parasect
45%
Bird Pidgey
45%
A blue frog guy with a swirl Poliwhirl
45%
Porcupine? Wolverine? Sandslash
45%
Big orange fish with a horn Seaking
45%
Big purple moth Venomoth
45%
A lizard frog thing with a big pink tree growing on it Venusaur
45%
Looks like a Pokeball Voltorb
45%
It looks like a pear, but it has a big mouth Weepinbell
45%
Big yellow dude with two spoons and a cool mustache Alakazam
42%
Military turtle Blastoise
42%
Little green bug Caterpie
42%
Big feathery bird with three heads Dodrio
42%
A big pile of snake Ekans
42%
Electric bug man with lightning on his chest Electabuzz
42%
Big gangly skinny bird Fearow
42%
Big blue spiky duck Golduck
42%
Big gangly fossil with scythe hands Kabutops
42%
A yellow thing with a big tail and a spoon Kadabra
42%
Fire duck with a butt on its head Magmar
42%
A little water thing with a swirl Poliwag
42%
Big bug dinosaur with scissor hands Scyther
42%
Giant fat sleepy cat Snorlax
42%
Angry looking bird Spearow
42%
A pile of tubes or vines or something Tangela
42%
Buffalo with three horns Tauros
42%
A little orange fox thing with peacock feathers Vulpix
42%
Two purple balls fused together Weezing
42%
Big spiky zap bird Zapdos
42%
Yellow elephant with a weird trunk Drowzee
39%
Fox? Cat? Dog? Squirrel? Eevee
39%
A scary purple ghost cat Gengar
39%
A fuzzy tiger dog Growlithe
39%
A pink ball with big blue eyes Jigglypuff
39%
Horseshoe crab potato Kabuto
39%
Big spiky purple dinosaur with big ears Nidoking
39%
Big giant blue dinosaur thing wearing a bra Nidoqueen
39%
A big fox-dog with a bunch of tails Ninetales
39%
A little turtle dude Squirtle
39%
Blue guy, looks like a living flower Vileplume
39%
Fluffy fire cat Flareon
35%
Scary looking pink cat with a big purple tail Mewtwo
35%
Bird with a red helmet Pidgeotto
35%
Sharp bug Weedle
35%
A floating magical yellow cat Abra
32%
A little pink thing with chocolate ears Clefairy
32%
A gross blue guy that's drooling from his mouth Gloom
32%
Some kind of purple rodent Nidoran
32%
A blue ball with a cool green haircut Oddish
32%
A big angry blue guy with gloves Poliwrath
32%
A big beluga whale Dewgong
29%
Purple blob with arms Ditto
29%
Spiky lion cat Jolteon
29%
Blue dinosaur with big mouse ears Nidorina
29%
Mermaid cat Vaporeon
29%
A big pink rabbit Wigglytuff
29%
Some kind of blue rodent Nidoran
26%
A dinosaur stuck inside of a rock Golem
23%
Big yellow cat holding a necklace Hypno
23%
Narwhal turtle Lapras
23%
Little spiky dude in a big shell Omanyte
16%
A big spiky pink guy that looks tired Clefable
13%
A blue guy with fins on his head Machop
10%
No matching quizzes found
Score Distribution
Percent of People with Each Score
Percentile by Number Answered
Your Score History
You have not taken this quiz